[Event "GER Seniors Derby 14th"]
[Site "Wesel Undeloh"]
[Date "2015.04.19"]
[Round "9"]
[White "Wenke, Reinhard"]
[Black "Winkler, Michael1111"]
[Result "1-0"]
[WhiteElo "1517"]
[BlackElo "1531"]
[PlyCount "59"]
[EventDate "2015.04.15"]
[EventType "swiss"]
[EventRounds "9"]
[EventCountry "GER"]
[SourceTitle "EXT 2018"]
[Source "ChessBase"]
[SourceDate "2017.10.13"]
[SourceVersion "1"]
[SourceVersionDate "2017.10.13"]
[SourceQuality "1"]

1. e4 c5 2. Nf3 Nc6 3. d4 cxd4 4. Nxd4 g6 5. Be3 Bg7 6. Nc3 e6 7. Bc4 Nf6 8. Ndb5 0-0 9. Nd6 Qa5 10. Qd2 Ne5 11. Bb3 b6 12. h3 Ba6 13. f4 Nc6 14. f5 Ne8 15. Nxf7 Rxf7 16. fxe6 Re7 17. exd7+ Kh8 18. 0-0-0 Nc7 19. d8Q+ Rxd8 20. Qf2 Red7 21. Nd5 Nxd5 22. exd5 Nb4 23. Bd4 Nxa2+ 24. Kb1 Nb4 25. Bxg7+ Rxg7 26. Rhe1 Qc5 27. Qf6 Rc8 28. d6 Bb7 29. Re7 Rcg8 30. Rxg7 1-0

[Event "GER Seniors Derby 14th"]
[Site "Wesel Undeloh"]
[Date "2015.04.17"]
[Round "6"]
[White "Wenke, Reinhard"]
[Black "Steinwender, Dieter"]
[Result "1/2-1/2"]
[WhiteElo "1517"]
[BlackElo "1844"]
[PlyCount "30"]
[EventDate "2015.04.15"]
[EventType "swiss"]
[EventRounds "9"]
[EventCountry "GER"]
[SourceTitle "EXT 2018"]
[Source "ChessBase"]
[SourceDate "2017.10.13"]
[SourceVersion "1"]
[SourceVersionDate "2017.10.13"]
[SourceQuality "1"]

1. e4 c5 2. Nf3 e6 3. d4 cxd4 4. Nxd4 Nf6 5. Nc3 Bb4 6. Bd3 Nc6 7. Nxc6 dxc6 8. 0-0 e5 9. a3 Bg4 10. Be2 Qxd1 11. Rxd1 Bxc3 12. Bxg4 Bd4 13. Bf3 h6 14. c3 Bb6 15. b4 Ke7 1/2-1/2

[Event "GER Seniors Derby 14th"]
[Site "Wesel Undeloh"]
[Date "2015.04.15"]
[Round "1"]
[White "Wenke, Reinhard"]
[Black "Fehmers, Werner"]
[Result "1/2-1/2"]
[WhiteElo "1517"]
[BlackElo "1793"]
[PlyCount "54"]
[EventDate "2015.04.15"]
[EventType "swiss"]
[EventRounds "9"]
[EventCountry "GER"]
[SourceTitle "EXT 2018"]
[Source "ChessBase"]
[SourceDate "2017.10.13"]
[SourceVersion "1"]
[SourceVersionDate "2017.10.13"]
[SourceQuality "1"]

1. e4 d5 2. e5 c5 3. Nf3 Bf5 4. Bb5+ Nc6 5. 0-0 e6 6. d4 Qb6 7. Nc3 Be7 8. Be3 a6 9. Bxc6+ Qxc6 10. Ne2 c4 11. Ng3 Bg6 12. Ng5 0-0-0 13. a3 h5 14. h4 Nh6 15. b4 f6 16. Nf3 Ng4 17. Bf4 Rdf8 18. Qc1 Rhg8 19. Re1 fxe5 20. Bxe5 Rf7 21. Re2 Rgf8 22. Qd2 Qd7 23. a4 Qd8 24. Ng5 Rxf2 25. Nxe6 Rxe2 26. Qxe2 Qd7 27. Nxf8 Bxf8 1/2-1/2